[Event "IRI-ch U12 Girls"]
[Site "Chess.com INT"]
[Date "2021.01.16"]
[Round "7"]
[White "Davari, Sara"]
[Black "Taj Dini, Hasti"]
[Result "1-0"]
[WhiteElo "1589"]
[BlackElo "1206"]
[PlyCount "49"]
[EventDate "2021.01.16"]
[EventType "swiss"]
[EventRounds "9"]
[EventCountry "IRI"]
[SourceTitle "EXT 2022"]
[Source "ChessBase"]
[SourceDate "2021.10.06"]
[SourceVersion "1"]
[SourceVersionDate "2021.10.06"]
[SourceQuality "1"]

1. e4 e5 2. Nf3 Nc6 3. Bc4 Bc5 4. c3 Nf6 5. d3 d6 6. Nbd2 0-0 7. h3 h6 8. Nf1 a6 9. Bb3 Be6 10. Ng3 d5 11. Qe2 Re8 12. 0-0 Qd7 13. Kh2 Rad8 14. Bc2 Qc8 15. Nh4 dxe4 16. dxe4 b5 17. Qf3 Ne7 18. Bb3 Bxb3 19. axb3 Qb7 20. Bxh6 gxh6 21. Qxf6 Rd6 22. Qxe5 Qc6 23. b4 Ba7 24. Nh5 Ng6 25. Qg7# 1-0

[Event "IRI-ch U12 Girls"]
[Site "Chess.com INT"]
[Date "2021.01.16"]
[Round "6"]
[White "Taj Dini, Hasti"]
[Black "Ansari Mahyari, Diana"]
[Result "1-0"]
[WhiteElo "1206"]
[BlackElo "1051"]
[PlyCount "115"]
[EventDate "2021.01.16"]
[EventType "swiss"]
[EventRounds "9"]
[EventCountry "IRI"]
[SourceTitle "EXT 2022"]
[Source "ChessBase"]
[SourceDate "2021.10.06"]
[SourceVersion "1"]
[SourceVersionDate "2021.10.06"]
[SourceQuality "1"]

1. c4 e5 2. Nc3 Nc6 3. d3 Nf6 4. Nf3 Bb4 5. Bd2 a6 6. a3 Bc5 7. b4 Bd4 8. Nxd4 exd4 9. Nd5 d6 10. g3 Be6 11. Nxf6+ Qxf6 12. Bg2 0-0 13. 0-0 Rfe8 14. e4 dxe3 15. Bxe3 Rab8 16. Qf3 Qxf3 17. Bxf3 Ne5 18. Be2 Bf5 19. Rfd1 Ng4 20. Bxg4 Bxg4 21. Re1 Bf5 22. d4 Kf8 23. c5 Rbd8 24. Bf4 dxc5 25. Rxe8+ Kxe8 26. Re1+ Kf8 27. dxc5 c6 28. Bd6+ Kg8 29. Re7 Bc8 30. Kf1 g6 31. Ke2 Kg7 32. Ke3 Kf6 33. Kd4 Rd7 34. Re8 Kf5 35. Rxc8 Ke6 36. Re8+ Kf6 37. Ke4 Kg7 38. f4 f5+ 39. Ke5 Kf7 40. Rf8+ Kg7 41. Ke6 Rxd6+ 42. Kxd6 Kxf8 43. Kc7 Ke7 44. Kxb7 Kd7 45. Kxa6 Kc7 46. b5 h6 47. a4 g5 48. h4 gxf4 49. gxf4 h5 50. a5 Kc8 51. Kb6 cxb5 52. Kxb5 Kb7 53. c6+ Kc7 54. a6 Kb8 55. Kb6 Ka8 56. Kc7 Ka7 57. Kd6 Kxa6 58. c7 1-0